|
|
|
|
| LEADER |
00000cam a2200000 7i4500 |
| 001 |
0000001805 |
| 005 |
20011208.0 |
| 020 |
0 |
0 |
|a 928331817X
|
| 090 |
0 |
0 |
|a 338.095
|b PRO 1996
|
| 245 |
0 |
0 |
|a PRODUCTIVITY & economic transformation : prize-winning essays
|
| 260 |
0 |
0 |
|a Tokyo, Japan :
|b Asian Productivity Organization ,
|c 1996
|
| 300 |
|
|
|a 127 p. :
|b ill. ;
|c 22 cm.
|
| 440 |
0 |
0 |
|a Monograph series ; 17
|
| 650 |
0 |
0 |
|a Asia
|x Economic conditions
|y 1945-
|
| 650 |
0 |
0 |
|a Industrial productivity
|z Asia
|
| 710 |
1 |
1 |
|a Asian Productivity Organization
|
| 998 |
|
|
|a JPSM
|
| 999 |
|
|
|a 0000002827
|b Monograph
|c Open Shelf
|e Default branch
|